000 05365nab a2200337 i 4500
003 BR-BrBNA
005 20240524150219.0
008 240524b2016 bl.mr|pooa||| 00| 0 eng |
040 _aBR-BrBNA
_beng
072 _aL74
_b5120
072 _aL70
100 _aSpagnolo, Julio David
100 _aSinhorini, Idercio Luis
100 _aBaccarin, Raquel Yvonne Arantes
100 _aAmbrosio, Aline Magalhães
100 _aSouto, Maria Teresa de Mello
100 _aIda, Keila Kazue
100 _aSilva, Luis Claudio Lopes Correia da Silva
245 _aInternal inguinal ring closure by laparoscopy using homologous pericardium grafts in horses
500 _aPublicação on-line; 24 ref.; Sumaries (En, Pt)
520 _a ABSTRACT - The occlusion of inguinal ring is the treatment to avoid the inguinal hernia in horses. The aim of this study is evaluate the efficacy of homologous pericardium grafts for internal inguinal ring closure in horses, comparing mechanical or manual laparoscopic suture. Cross over study, using six healthy intact male Mangalarga breed horses aged between 3 and 12 years. Horses were operated under general anesthesia in 25º Trendelenburg position. Five laparoscopic portals were employed. Pericardium grafts measuring 4x5cm were anchored covering the left and right internal inguinal rings using either manual intracorporeal suture or laparoscopic stapler. Horses were followed-up during 11 weeks when were submitted to a laparoscopic control. Surgical time, trans and postoperative complications and effectiveness of internal inguinal closure were evaluated and statistically analyzed. The level of significance was set at 5% P<0.05. The procedures were realized without complications and the mean time required for manual and mechanical suture procedures differed significantly (67.8±15.3 and 14.1±2.1 min respectively; P<0.05). All manually sutured grafts remained in place and partial suture dehiscence with incomplete occlusion of the internal inguinal ring was observed in two stapled grafts. Non-severe complications were observed trans or postoperatively. One synechiae and three omental adhesions were observed by laparoscopic control on day 77, but without clinical relevance in the evaluated period. The use of homologous pericardium grafts was effectiveness to internal inguinal ring closure by laparoscopy. Mechanical suture was faster to perform than manual, but provided less satisfactory results concerning safety of graft fixation. Key words: equine, inguinal hernia, laparoscopy, herniorraphy.
520 _a RESUMO - A oclusão dos anéis inguinais é o tratamento indicado para evitar as hérnias inguinais comumente observadas nos equinos. O objetivo do trabalho é avaliar a eficácia do uso de enxerto de pericárdio homólogo para recobrimento do anel inguinal interno de equinos, fixado por laparoscopia, comparando a sutura manual e mecânica. Para tanto, foram utilizados seis equinos machos não castrados da raça Mangalarga com idade entre 3 e 12 anos. Os cavalos foram operados sob anestesia geral em posição de Trendelenburg com inclinação de 25º. Cinco portais laparoscópicos foram empregados. Enxertos de pericárdio homólogo, medindo 4X5cm, foram ancorados recobrindo os anéis inguinais internos esquerdo e direito, sendo em um dos lados fixado com sutura manual intracorpórea e o contralateral fixado com grampos, escolhidos por sorteio previamente ao procedimento, distribuído equitativamente. Os cavalos foram acompanhados por 11 semanas do período pósoperatório. O tempo cirúrgico, eventuais complicações trans ou pós-operatórias e a efetividade do procedimento foram avaliados e analisados estatisticamente com nível de significância de 5% P<0,05. Os procedimentos foram realizados sem complicações, com tempo médio requerido para realização da sutura manual e com grampos de 67,8±15,3 e 14,1±2,1 minutos, respectivamente, havendo diferença significativa P<0,05. Todos os implantes suturados manualmente levaram à oclusão do anel inguinal profundo, enquanto houve deiscência parcial da sutura, com incompleta oclusão do anel, em dois dos seis implantes fixados por sutura mecânica, na avaliação aos 77 dias. Não ocorreram complicações significativas no período trans ou pós-operatório, sendo observada a presença de uma sinéquia e três aderências de omento durante laparoscopia de controle aos 77 dias, porém sem relevância clínica no período estudado. O uso de pericárdio homólogo foi efetivo para oclusão do anel vaginal em equinos por laparoscopia. A sutura mecânica foi realizada em menor tempo, quando comparada à sutura manual, porém propiciou resultado menos satisfatório no que diz respeito à segurança da técnica para fixação do enxerto. Palavras-chave: equino, hérnia inguinal, laparoscopia, herniorrafia.
650 _aCAVALO
650 _aHÉRNIA
650 _aDISTÚRBIO FISIOLÓGICO
650 _aLAPAROSCOPIA
773 0 _02408
_9314896
_dSanta Maria-RS Universidade Federal de Santa Maria - Centro de Ciências Rurais 1991
_o2024-1147
_tCiência Rural (Brazil)
_x0103-8478
_gv. 46(2) p. 318-2023; (2016)
_wBR2024000977
856 _uhttps://www.scielo.br/j/cr/a/vjXzZnydNVVyc4qw3xY6NDR/?format=pdf&lang=en
942 _cAnalítica
999 _c299771
_d299771